| 000 | 00607nam a2200241Ia 4500 | ||
|---|---|---|---|
| 008 | 170203s9999 xx 000 0 und d | ||
| 020 | _a9780843199215 | ||
| 050 | _aFIc | ||
| 050 | _bAl376n | ||
| 100 | _aAlexander, Lauren. | ||
| 245 | _aMegamind : | ||
| 245 | _bbad, blue, brilliant: the novel / | ||
| 245 | _cby Lauren Alexander. | ||
| 260 | _aNew York : | ||
| 260 | _bPrice Stern Sloan, | ||
| 260 | _c©2010. | ||
| 300 | _a126 pages : | ||
| 300 | _bcolor illustrations ; | ||
| 300 | _c20 cm. | ||
| 650 | _aJuvenile fiction. | ||
| 650 | _aSuperheroes -- | ||
| 650 | _aSuperheroes. | ||
| 999 |
_c306418 _d306418 |
||